| 000 | 00829nam a2200253Ia 4500 | ||
|---|---|---|---|
| 003 | OSt | ||
| 005 | 20220918170221.0 | ||
| 006 | a|||||r|||| 00| 0 | ||
| 007 | ta | ||
| 008 | 220917b |||||||| |||| 00| 0 eng d | ||
| 020 |
_a978 90 04 17814 4 (hbk) _c7774 |
||
| 024 | _a243,553 | ||
| 037 |
_b30115, 26/08/2010, Segment Book Distributors _cTextual |
||
| 040 |
_aARTS _cARTS _beng |
||
| 041 |
_2eng _aeng |
||
| 082 | _aP15:3.A, 111Q0 | ||
| 100 |
_aDahl Eystein _927736 |
||
| 245 | 0 |
_aTime tense and aspect in early vedic grammmer _b exploring inflectional semantics in the rigveda |
|
| 260 |
_aLeiden _bBrill _c2010 |
||
| 300 |
_axviii,475p _ccm. |
||
| 650 | _aLINGUISTICS | ||
| 942 |
_hP15:3.A, 111Q0 _cTEXL _2CC |
||
| 999 |
_c133150 _d133150 |
||